Investície do bezpečnosti sa vyplácajú

Poistný trh na Slovensku dlhodobo vykazuje dynamický rast, keď objem predpísaného poistného vykazuje ročný nárast na úrovni 20 percent, pri raste HDP okolo 5 percent ročne. Liberalizácia, demonopolizácia a vývoj nových druhov poistenia so sebou prináša aj zdokonaľovanie metód a modus operandi páchat...

Descripción completa

Guardado en:
Detalles Bibliográficos
Autor principal: Baran, Andrej
Formato: Capítulo de libro
Lenguaje:eslovaco
Materias:
Etiquetas: Agregar Etiqueta
Sin Etiquetas, Sea el primero en etiquetar este registro!

MARC

LEADER 00000naa a2200000 4500
001 r047481
005 20230918114714.0
041 0 |a slo 
044 |a SK 
245 1 0 |a Investície do bezpečnosti sa vyplácajú  |c Andrej Baran 
520 |a Poistný trh na Slovensku dlhodobo vykazuje dynamický rast, keď objem predpísaného poistného vykazuje ročný nárast na úrovni 20 percent, pri raste HDP okolo 5 percent ročne. Liberalizácia, demonopolizácia a vývoj nových druhov poistenia so sebou prináša aj zdokonaľovanie metód a modus operandi páchateľov trestnej činnosti na pôde poisťovní. 
610 2 0 |a trh poistný 
610 2 0 |a plnenie poistné 
610 2 0 |a bezpečnosť 
610 2 0 |a investície 
610 2 0 |a Slovensko 
100 1 |a Baran, Andrej